[Event "FRA-chT2D 0506"]
[Site "France"]
[Date "2006.03.12"]
[Round "9.9"]
[White "Romieu, Flore"]
[Black "Dewitte, Catherine"]
[Result "0-1"]
[WhiteElo "1933"]
[BlackElo "1953"]
[PlyCount "53"]
[EventDate "2005.10.27"]
[EventType "team-tourn"]
[EventRounds "11"]
[EventCountry "FRA"]
[SourceTitle "EXT 2006"]
[Source "ChessBase"]
[SourceDate "2005.11.24"]
[SourceVersion "1"]
[SourceVersionDate "2005.11.24"]
[SourceQuality "1"]
[WhiteTeam "Gueugnon"]
[BlackTeam "Lille"]
[WhiteTeamCountry "FRA"]
[BlackTeamCountry "FRA"]

1. e4 e6 2. d4 b6 3. Nf3 Bb7 4. Bd3 c5 5. c3 cxd4 6. cxd4 Nf6 7. Qc2 Qc8 8. Qxc8+ Bxc8 9. Nc3 Bb4 10. Bd2 Bxc3 11. Bxc3 Bb7 12. Nd2 d5 13. e5 Ne4 14. Nxe4 dxe4 15. Bb5+ Bc6 16. Bxc6+ Nxc6 17. 0-0 Rd8 18. Rad1 b5 19. b4 0-0 20. Rfe1 Ne7 21. Rxe4 Rc8 22. Bd2 Rc2 23. a3 Rfc8 24. Rg4 Rxd2 25. Rf1 Rdc2 26. f4 Rc1 27. Rg3 0-1

[Event "FRA-chT N1"]
[Site "France"]
[Date "2005.05.05"]
[Round "8.9"]
[White "Guichard, Pauline"]
[Black "Dewitte, Catherine"]
[Result "1/2-1/2"]
[WhiteElo "2072"]
[BlackElo "1974"]
[PlyCount "55"]
[EventDate "2005.05.05"]
[EventType "team"]
[EventRounds "11"]
[EventCountry "FRA"]
[SourceTitle "EXT 2006"]
[Source "ChessBase"]
[SourceDate "2005.11.24"]
[SourceVersion "1"]
[SourceVersionDate "2005.11.24"]
[SourceQuality "1"]

1. d4 e6 2. Nf3 Nf6 3. Bg5 Be7 4. Bxf6 Bxf6 5. e4 d6 6. Bd3 g6 7. Qe2 Nc6 8. c3 e5 9. dxe5 Nxe5 10. Nxe5 dxe5 11. Na3 Bg7 12. Bc4 0-0 13. Nc2 Qe7 14. Ne3 c6 15. 0-0 Kh8 16. Rad1 Qh4 17. g3 Qe7 18. Rd2 f5 19. exf5 gxf5 20. Qh5 f4 21. gxf4 Rxf4 22. Rfd1 Be6 23. Bxe6 Qxe6 24. Rd8+ Rf8 25. Rxa8 Rxa8 26. Kf1 Rg8 27. b3 Qf6 28. Qe2 1/2-1/2

[Event "FRA-chT Poule Basse"]
[Site "Belfort"]
[Date "2004.05.10"]
[Round "10"]
[White "Fruteau, Sabine"]
[Black "Dewitte, Catherine"]
[Result "1/2-1/2"]
[WhiteElo "2120"]
[BlackElo "2016"]
[PlyCount "77"]
[EventDate "2004.05.08"]
[EventType "team-tourn"]
[EventRounds "4"]
[EventCountry "FRA"]
[SourceTitle "EXT 2005"]
[Source "ChessBase"]
[SourceDate "2004.11.15"]
[SourceVersion "1"]
[SourceVersionDate "2004.11.15"]
[SourceQuality "1"]
[WhiteTeam "Orange"]
[BlackTeam "Lille"]
[WhiteTeamCountry "FRA"]
[BlackTeamCountry "FRA"]

1. e4 e6 2. d4 b6 3. Nf3 Bb7 4. Bd3 c5 5. c3 cxd4 6. Nxd4 Nc6 7. Nxc6 dxc6 8. 0-0 Nf6 9. Qe2 Qc7 10. Bg5 Be7 11. Nd2 0-0 12. f4 Rad8 13. e5 Ne8 14. Ne4 Bxg5 15. Nxg5 h6 16. Nh7 Ba6 17. Bxa6 Kxh7 18. Bd3+ Kg8 19. Qe4 g6 20. Rf3 Qd7 21. g4 Qd5 22. Qe2 Ng7 23. a3 Qc5+ 24. Kh1 Rd7 25. Rg1 Rfd8 26. f5 exf5 27. gxf5 g5 28. f6 Ne6 29. Qe4 Rxd3 30. Rxd3 Rxd3 31. Qxd3 Qxe5 32. Rf1 Nf4 33. Qd4 Qe2 34. Rxf4 gxf4 35. Qg1+ Kf8 36. Qg7+ Ke8 37. Qg8+ Kd7 38. Qxf7+ Kd8 39. Qf8+ 1/2-1/2

[Event "FRA-chT2S 0203"]
[Site "France"]
[Date "2003.03.16"]
[Round "9.9"]
[White "Dewitte, Catherine"]
[Black "Swiercz, Sandra"]
[Result "1/2-1/2"]
[WhiteElo "1980"]
[BlackElo "1959"]
[PlyCount "111"]
[EventDate "2002.10.??"]
[EventType "team"]
[EventRounds "11"]
[EventCountry "FRA"]
[SourceTitle "EXT 2004"]
[Source "ChessBase"]
[SourceDate "2003.11.25"]
[SourceVersion "1"]
[SourceVersionDate "2003.11.25"]
[SourceQuality "1"]
[WhiteTeam "Lille"]
[BlackTeam "Cappelle la Grande"]
[WhiteTeamCountry "FRA"]
[BlackTeamCountry "FRA"]

1. d4 d5 2. Bg5 c6 3. c3 Bf5 4. Nf3 Qb6 5. Qb3 Qxb3 6. axb3 Nd7 7. Nbd2 h6 8. Bf4 e6 9. h3 Be7 10. e3 Ngf6 11. Ne5 Nxe5 12. Bxe5 0-0 13. Be2 Nd7 14. Bg3 Bf6 15. 0-0 e5 16. Nf3 Rfe8 17. dxe5 Nxe5 18. Nxe5 Bxe5 19. Bxe5 Rxe5 20. Ra5 Re7 21. Rfa1 a6 22. b4 Rae8 23. Rd1 Bg6 24. Rd2 f6 25. Ra3 Bf7 26. b3 f5 27. g3 g5 28. Rd4 Be6 29. Kh2 Rf8 30. Ra1 Kh8 31. Rg1 f4 32. gxf4 gxf4 33. Rxf4 Rxf4 34. exf4 Bxh3 35. Bxa6 Bf5 36. Bf1 Re4 37. Kg3 Re1 38. Kh2 Rb1 39. Bg2 Rxb3 40. Re1 Rxc3 41. Re8+ Kg7 42. Re7+ Kg6 43. Rxb7 Kh5 44. b5 cxb5 45. Rxb5 Kg4 46. Rxd5 Kxf4 47. Rd4+ Kg5 48. Rd8 Rc4 49. Rg8+ Kh4 50. Rh8 h5 51. Rf8 Kg5 52. Rg8+ Bg6 53. Bf1 Rf4 54. Bd3 Rxf2+ 55. Kg3 Rf6 56. Bxg6 1/2-1/2

[Event "FRA-chT2S 0203"]
[Site "France"]
[Date "2003.??.??"]
[Round "10.9"]
[White "Keller, Christophe"]
[Black "Dewitte, Catherine"]
[Result "1-0"]
[WhiteElo "2171"]
[BlackElo "1980"]
[PlyCount "87"]
[EventDate "2002.10.??"]
[EventType "team"]
[EventRounds "11"]
[EventCountry "FRA"]
[SourceTitle "EXT 2004"]
[Source "ChessBase"]
[SourceDate "2003.11.25"]
[SourceVersion "1"]
[SourceVersionDate "2003.11.25"]
[SourceQuality "1"]
[WhiteTeam "Clichy II"]
[BlackTeam "Lille"]
[WhiteTeamCountry "FRA"]
[BlackTeamCountry "FRA"]

1. d4 e6 2. e4 b6 3. Bd3 Bb7 4. c4 Bb4+ 5. Bd2 Nc6 6. Nf3 Bxd2+ 7. Nbxd2 d6 8. d5 Ne5 9. Nxe5 dxe5 10. Nf3 Qd6 11. Qa4+ Ke7 12. 0-0 Nf6 13. Nd2 Rhd8 14. Qb3 Kf8 15. Rac1 Nd7 16. Qc3 Nc5 17. Bc2 a5 18. Qh3 Kg8 19. Nf3 h6 20. Qg3 f6 21. Nh4 Bc8 22. f4 exf4 23. Qg6 e5 24. Rce1 Qe7 25. g3 fxg3 26. Qxg3 Bd7 27. Ng6 Qd6 28. Re2 Be8 29. Rg2 Rd7 30. Rf5 Bxg6 31. Qxg6 Rf7 32. Qxh6 Re8 33. Bd1 Kf8 34. Qe3 Ke7 35. Bh5 g5 36. Bxf7 Kxf7 37. Qxg5 Ke7 38. Qg7+ Kd8 39. Rxf6 Qd7 40. Qxd7+ Nxd7 41. Rf7 Nc5 42. Rgg7 Nxe4 43. Rxc7 Nd2 44. Rgd7# 1-0

[Event "FRA-chT2S"]
[Site "France"]
[Date "2002.10.13"]
[Round "1.9"]
[White "Didner, Catherine"]
[Black "Dewitte, Catherine"]
[Result "0-1"]
[WhiteElo "1760"]
[BlackElo "1970"]
[PlyCount "76"]
[EventDate "2002.10.??"]
[EventType "team"]
[EventRounds "11"]
[EventCountry "FRA"]
[SourceTitle "EXT 2004"]
[Source "ChessBase"]
[SourceDate "2003.11.25"]
[SourceVersion "1"]
[SourceVersionDate "2003.11.25"]
[SourceQuality "1"]

1. d4 e6 2. c4 b6 3. Nc3 Bb7 4. Nf3 Bb4 5. Bd2 Nf6 6. e3 Bxc3 7. Bxc3 Ne4 8. Bd3 Nxc3 9. bxc3 f5 10. 0-0 0-0 11. Re1 Qf6 12. e4 fxe4 13. Bxe4 Bxe4 14. Rxe4 Qg6 15. Rh4 Nc6 16. Rh3 Rf4 17. Qb1 Qxb1+ 18. Rxb1 Rf5 19. Rb5 Raf8 20. Rg3 Na5 21. Rb4 Nc6 22. Rb5 Na5 23. Rb4 c5 24. Ra4 cxd4 25. cxd4 Rf4 26. c5 Nc6 27. cxb6 axb6 28. h3 b5 29. Ra6 Nxd4 30. Rd6 Ne2+ 31. Kh2 Nxg3 32. Kxg3 Ra4 33. Rxd7 Rxa2 34. Re7 b4 35. Rxe6 b3 36. Re1 b2 37. Rb1 Rb8 38. Ne5 Ra1 0-1

[Event "FRA-chT"]
[Site "France"]
[Date "2001.02.02"]
[Round "1.8"]
[White "Dewitte, Catherine"]
[Black "Letreguilly, Olivier"]
[Result "0-1"]
[WhiteElo "2016"]
[BlackElo "2301"]
[PlyCount "84"]
[EventDate "2001.02.02"]
[EventType "team"]
[EventRounds "11"]
[EventCountry "FRA"]
[SourceTitle "EXT 2002"]
[Source "ChessBase"]
[SourceDate "2001.11.25"]
[SourceVersion "1"]
[SourceVersionDate "2001.11.25"]
[SourceQuality "1"]
[WhiteTeam "Drancy"]
[BlackTeam "Montpellier"]
[WhiteTeamCountry "FRA"]
[BlackTeamCountry "FRA"]

1. d4 e6 2. Nf3 Nf6 3. Bg5 c5 4. c3 d5 5. c4 cxd4 6. cxd5 Qa5+ 7. Bd2 Qxd5 8. Qb3 Nc6 9. Na3 Bd7 10. g3 Be7 11. Bg2 0-0 12. 0-0 Qxb3 13. axb3 Ne4 14. Rfd1 Nxd2 15. Rxd2 e5 16. Nc4 f6 17. e3 Bc5 18. exd4 exd4 19. Ne1 Be6 20. Nd3 Bb6 21. Nf4 Bf7 22. Nd5 Rad8 23. Ndxb6 axb6 24. Nxb6 Bxb3 25. Ra3 Bf7 26. Ra4 Rd6 27. h4 Ne5 28. Rb4 Rxb6 29. Rxb6 Nc4 30. Rxd4 Nxb6 31. Rb4 Nd7 32. Rxb7 Be6 33. h5 Rb8 34. Rxb8+ Nxb8 35. Kf1 Bg4 36. h6 gxh6 37. Ke1 Kf7 38. Kd2 Ke6 39. Ke3 Ke5 40. Bf1 Nc6 41. Bd3 Bf5 42. Bb5 Nb4 0-1